Movies Quiz

Random Movies or Director Quiz

Memorable Hitchcock Cameos Quiz Stats

 Plays Quiz Updated Mar 27, 2020

     
Support Sporcle.
Go Orange.
Score 0/14 Timer 06:00
1 Play Today
Where is Hitch? Film % Correct
Hitch is leaving a pet shop with two dogs.The Birds
80.9%
Hitch looks to be repairing a clock in someone's apartment.Rear Window
61.1%
Hitch is wearing a cowboy hat outside a main character's office.Psycho
55.4%
Hitch is trying to catch a bus, instead, the doors close in his face and it leaves without him.North by Northwest
54.2%
Hitch is trying to board a train, struggling with a large double bass.Strangers on a Train
51%
Hitch is watching Moroccan acrobats in the marketplace.The Man Who Knew Too Much
48.8%
Hitch is walking across the street, carrying a horn case.Vertigo
39.9%
Where is Hitch? Film % Correct
Hitch can be seen in a class reunion photograph hanging on the wall.Dial M for Murder
36.9%
Hitch is seen in a newspaper ad for a product called: Reduco Obesity SlayerLifeboat
36.1%
Hitch is crossing the street, later, we see his silhouette as a neon sign outside of an apartment.Rope
34.2%
Hitch is sitting next to the main character, riding in the rear seat of a bus.To Catch a Thief
30.1%
Hitch is drinking champagne at a party, then quickly leaves the shot.Notorious
28.3%
Hitch is leaving a hotel room, and looks guiltily into the camera.Marnie
21%
Hitch is sitting in a hotel lobby with a baby on his lap.Torn Curtain
15%

From the Vault

Deleted Wikipedia Articles IV

by MoMosMoProblems

It becomes true if you add it to Wikipedia, right?
Remove Ads.
Support Sporcle.
Get the best of Sporcle when you Go Orange. This ad-free experience offers more features, more stats, and more fun while also helping to support Sporcle. Thank you for becoming a member.

Show Comments

Extras

Top Quizzes Today


Score Distribution

Your Account Isn't Verified!

In order to create a playlist on Sporcle, you need to verify the email address you used during registration. Go to your Sporcle Settings to finish the process.

Report this User

Report this user for behavior that violates our Community Guidelines.

Details: